Wiberg v Swansea City and CC (Record no. 70353)

MARC details
000 -LEADER
fixed length control field 01298cam a2200217 4500
001 - CONTROL NUMBER
control field ABS65493
008 - FIXED-LENGTH DATA ELEMENTS--GENERAL INFORMATION
fixed length control field 020524n2002 000 0 eng u
035 ## - SYSTEM CONTROL NUMBER
System control number (Sirsi) u118139
245 ## - TITLE STATEMENT
Title Wiberg v Swansea City and CC
260 ## - PUBLICATION, DISTRIBUTION, ETC.
Date of publication, distribution, etc. 2002
490 ## - SERIES STATEMENT
Series statement Rating and Valuation Reporter
Volume/sequential designation [2002] RVR 143-146(4)
520 ## - SUMMARY, ETC.
Summary, etc. LT 22 November 2001. Claimant (W) sought compensation for the compulsory acquisition of land that formed part of a storage yard and access area to premises. Issues arising were: was claim barred under Limitation Act 1980?; was defendant (SW) estopped from relying on provisions of the 1980 Act?; did a binding agreement subject to satisfactory title exist for the acquisition of the land. "Held" claim dismissed as statute barred and S not estopped from using limitation defence. Although a compensation agreement from 1995 existed S had never agreed to waive the limitation period and both parties had proceeded on the basis that the period applied.
590 ## - LOCAL NOTE (RLIN)
Local note ABS
650 ## - SUBJECT ADDED ENTRY--TOPICAL TERM
Topical term or geographic name entry element WIBERG V SWANSEA CITY AND CC
650 ## - SUBJECT ADDED ENTRY--TOPICAL TERM
Topical term or geographic name entry element LIMITATION ACT 1980
650 ## - SUBJECT ADDED ENTRY--TOPICAL TERM
Topical term or geographic name entry element HILLINGDON LBC V ARC Ltd (No2)
650 ## - SUBJECT ADDED ENTRY--TOPICAL TERM
Topical term or geographic name entry element STATUTE BARRED
650 ## - SUBJECT ADDED ENTRY--TOPICAL TERM
Topical term or geographic name entry element ESTOPPEL
690 ## - LOCAL SUBJECT ADDED ENTRY--TOPICAL TERM (OCLC, RLIN)
Topical term or geographic name as entry element ENVIRONMENTAL AND LAND CONSULTANCY-PLANNING AND DEVELOPMENT-COMPULSORY PURCHASE AND COMPENSATION
942 ## - ADDED ENTRY ELEMENTS (KOHA)
Suppress in OPAC 0
Holdings
Withdrawn status Lost status Source of classification or shelving scheme Damaged status Not for loan Home library Current library Shelving location Date acquired Total Checkouts Full call number Barcode Date last seen Copy number Price effective from Koha item type
    Dewey Decimal Classification     London London Journal article 24/05/2002   ABS65493 118139-1001 06/08/2019 1 06/08/2019 Law report